Paul Claudel

Saved in:
Bibliografiske detaljer
Hovedforfatter: Perche, Louis (Author)
Format: Bog
Sprog:fransk
Udgivet: París Pierre Seghers 1966
Serier:Poetes d'aujourd'hui, 10
Fag:
Tags: Tilføj Tag
Ingen Tags, Vær først til at tagge denne postø!

MARC

LEADER 00000nam a2200000 a 4500
001 UCY4712
003 CL-VaPUC
008 950327e19660000FR |||||||||||||||||fre|d
082 0 4 |a 840.09  |b PER  |2 21 
100 0 |a Perche, Louis  |e author  |9 333184 
245 1 0 |a Paul Claudel 
300 |a 215 p 
942 |c BK 
945 |d 19950327 00:00:00  |a mfernand 
260 |a París  |b Pierre Seghers  |c 1966 
600 0 7 |a CLAUDEL, PAUL  |2 CL-VaPUC  |9 333185 
583 |a last modification  |c 19950327 00:00:00  |k Rodrigo Vera 
490 0 |a Poetes d'aujourd'hui, 10 
999 |c 232485  |d 232483 
952 |0 0  |1 0  |4 0  |6 840_090000000000000_PER_1966  |7 0  |8 P  |9 237118  |a BIBART  |b BIBART  |d 2019-11-15  |i 3064352  |o 840.09 PER 1966  |p 3064352  |r 2025-03-13  |w 2019-11-15  |y BK  |k ART